<?xml version="1.0" encoding="UTF-8"?>
<record
    xmlns:xsi="http://www.w3.org/2001/XMLSchema-instance"
    xsi:schemaLocation="http://www.loc.gov/MARC21/slim http://www.loc.gov/standards/marcxml/schema/MARC21slim.xsd"
    xmlns="http://www.loc.gov/MARC21/slim">

  <leader>00716nam a22003017a 4500</leader>
  <controlfield tag="003">OSt</controlfield>
  <controlfield tag="005">20140401085504.0</controlfield>
  <controlfield tag="008">140401b        xxu||||| |||| 00| 0 eng d</controlfield>
  <datafield tag="020" ind1=" " ind2=" ">
    <subfield code="a">9780590999267</subfield>
  </datafield>
  <datafield tag="050" ind1=" " ind2=" ">
    <subfield code="a">LB 1049.9</subfield>
    <subfield code="b">.K19s56 1997</subfield>
  </datafield>
  <datafield tag="100" ind1=" " ind2=" ">
    <subfield code="a">Katzman, Carol.</subfield>
  </datafield>
  <datafield tag="245" ind1=" " ind2=" ">
    <subfield code="a">Bo's Bows /</subfield>
    <subfield code="c">Carol Katzman.</subfield>
  </datafield>
  <datafield tag="260" ind1=" " ind2=" ">
    <subfield code="a">USA :</subfield>
    <subfield code="b">Scholastic Inc.,</subfield>
    <subfield code="c">c1997.</subfield>
  </datafield>
  <datafield tag="300" ind1=" " ind2=" ">
    <subfield code="a">15 p. ;</subfield>
    <subfield code="b">col. ill. ;</subfield>
    <subfield code="c">14 cm.</subfield>
  </datafield>
  <datafield tag="521" ind1=" " ind2=" ">
    <subfield code="a">G1</subfield>
  </datafield>
  <datafield tag="526" ind1=" " ind2=" ">
    <subfield code="c">200</subfield>
  </datafield>
  <datafield tag="650" ind1=" " ind2=" ">
    <subfield code="a">Readers (Primary) </subfield>
  </datafield>
  <datafield tag="650" ind1=" " ind2=" ">
    <subfield code="a">Reading</subfield>
    <subfield code="x">Phonetic method.</subfield>
  </datafield>
  <datafield tag="942" ind1=" " ind2=" ">
    <subfield code="2">lcc</subfield>
    <subfield code="c">BK</subfield>
  </datafield>
  <datafield tag="999" ind1=" " ind2=" ">
    <subfield code="c">53418</subfield>
    <subfield code="d">53418</subfield>
  </datafield>
  <datafield tag="952" ind1=" " ind2=" ">
    <subfield code="0">0</subfield>
    <subfield code="1">0</subfield>
    <subfield code="2">lcc</subfield>
    <subfield code="4">0</subfield>
    <subfield code="a">MU</subfield>
    <subfield code="b">MU</subfield>
    <subfield code="c">SCHO</subfield>
    <subfield code="d">2014-04-01</subfield>
    <subfield code="k">SCHO</subfield>
    <subfield code="l">0</subfield>
    <subfield code="o">LB 1049.9 .K19s56 1997</subfield>
    <subfield code="p">SC0388</subfield>
    <subfield code="r">2014-04-01 00:00:00</subfield>
    <subfield code="t">1</subfield>
    <subfield code="w">2014-04-01</subfield>
    <subfield code="y">BK</subfield>
  </datafield>
  <datafield tag="952" ind1=" " ind2=" ">
    <subfield code="0">0</subfield>
    <subfield code="1">0</subfield>
    <subfield code="2">lcc</subfield>
    <subfield code="4">0</subfield>
    <subfield code="a">MU</subfield>
    <subfield code="b">MU</subfield>
    <subfield code="c">SCHO</subfield>
    <subfield code="d">2014-04-01</subfield>
    <subfield code="k">SCHO</subfield>
    <subfield code="l">0</subfield>
    <subfield code="o">LB 1049.9 .K19s56 1997</subfield>
    <subfield code="p">SC0387</subfield>
    <subfield code="r">2014-04-01 00:00:00</subfield>
    <subfield code="t">2</subfield>
    <subfield code="w">2014-04-01</subfield>
    <subfield code="y">BK</subfield>
  </datafield>
  <datafield tag="952" ind1=" " ind2=" ">
    <subfield code="0">0</subfield>
    <subfield code="1">0</subfield>
    <subfield code="2">lcc</subfield>
    <subfield code="4">0</subfield>
    <subfield code="a">MU</subfield>
    <subfield code="b">MU</subfield>
    <subfield code="c">SCHO</subfield>
    <subfield code="d">2014-04-01</subfield>
    <subfield code="k">SCHO</subfield>
    <subfield code="l">0</subfield>
    <subfield code="o">LB 1049.9 .K19s56 1997</subfield>
    <subfield code="p">SC0529</subfield>
    <subfield code="r">2014-04-01 00:00:00</subfield>
    <subfield code="t">3</subfield>
    <subfield code="w">2014-04-01</subfield>
    <subfield code="y">BK</subfield>
  </datafield>
  <datafield tag="952" ind1=" " ind2=" ">
    <subfield code="0">0</subfield>
    <subfield code="1">0</subfield>
    <subfield code="2">lcc</subfield>
    <subfield code="4">0</subfield>
    <subfield code="a">MU</subfield>
    <subfield code="b">MU</subfield>
    <subfield code="c">SCHO</subfield>
    <subfield code="d">2014-04-01</subfield>
    <subfield code="k">SCHO</subfield>
    <subfield code="l">0</subfield>
    <subfield code="o">LB 1049.9 .K19s56 1997</subfield>
    <subfield code="p">SC0532</subfield>
    <subfield code="r">2014-04-01 00:00:00</subfield>
    <subfield code="t">4</subfield>
    <subfield code="w">2014-04-01</subfield>
    <subfield code="y">BK</subfield>
  </datafield>
  <datafield tag="952" ind1=" " ind2=" ">
    <subfield code="0">0</subfield>
    <subfield code="1">0</subfield>
    <subfield code="2">lcc</subfield>
    <subfield code="4">0</subfield>
    <subfield code="a">MU</subfield>
    <subfield code="b">MU</subfield>
    <subfield code="c">SCHO</subfield>
    <subfield code="d">2014-04-01</subfield>
    <subfield code="k">SCHO</subfield>
    <subfield code="l">0</subfield>
    <subfield code="o">LB 1049.9 .K19s56 1997</subfield>
    <subfield code="p">SC0531</subfield>
    <subfield code="r">2014-04-01 00:00:00</subfield>
    <subfield code="t">5</subfield>
    <subfield code="w">2014-04-01</subfield>
    <subfield code="y">BK</subfield>
  </datafield>
  <datafield tag="952" ind1=" " ind2=" ">
    <subfield code="0">0</subfield>
    <subfield code="1">0</subfield>
    <subfield code="2">lcc</subfield>
    <subfield code="4">0</subfield>
    <subfield code="a">MU</subfield>
    <subfield code="b">MU</subfield>
    <subfield code="c">SCHO</subfield>
    <subfield code="d">2014-04-01</subfield>
    <subfield code="k">SCHO</subfield>
    <subfield code="l">0</subfield>
    <subfield code="o">LB 1049.9 .K19s56 1997</subfield>
    <subfield code="p">SC0385</subfield>
    <subfield code="r">2014-04-01 00:00:00</subfield>
    <subfield code="t">6</subfield>
    <subfield code="w">2014-04-01</subfield>
    <subfield code="y">BK</subfield>
  </datafield>
  <datafield tag="952" ind1=" " ind2=" ">
    <subfield code="0">0</subfield>
    <subfield code="1">0</subfield>
    <subfield code="2">lcc</subfield>
    <subfield code="4">0</subfield>
    <subfield code="a">MU</subfield>
    <subfield code="b">MU</subfield>
    <subfield code="c">SCHO</subfield>
    <subfield code="d">2014-04-01</subfield>
    <subfield code="k">SCHO</subfield>
    <subfield code="l">0</subfield>
    <subfield code="o">LB 1049.9 .K19s56 1997</subfield>
    <subfield code="p">SC0386</subfield>
    <subfield code="r">2014-04-01 00:00:00</subfield>
    <subfield code="t">7</subfield>
    <subfield code="w">2014-04-01</subfield>
    <subfield code="y">BK</subfield>
  </datafield>
  <datafield tag="952" ind1=" " ind2=" ">
    <subfield code="0">0</subfield>
    <subfield code="1">0</subfield>
    <subfield code="2">lcc</subfield>
    <subfield code="4">0</subfield>
    <subfield code="a">MU</subfield>
    <subfield code="b">MU</subfield>
    <subfield code="c">SCHO</subfield>
    <subfield code="d">2014-04-01</subfield>
    <subfield code="k">SCHO</subfield>
    <subfield code="l">0</subfield>
    <subfield code="o">LB 1049.9 .K19s56 1997</subfield>
    <subfield code="p">SC0530</subfield>
    <subfield code="r">2014-04-01 00:00:00</subfield>
    <subfield code="t">8</subfield>
    <subfield code="w">2014-04-01</subfield>
    <subfield code="y">BK</subfield>
  </datafield>
</record>
